000 00887nam a2200253Ia 4500
003 OSt
005 20220923214149.0
006 a|||||r|||| 00| 0
007 ta
008 220922b |||||||| |||| 00| 0 hin d
024 _a167,524
037 _cTextual
040 _aARTS
_cARTS
_bhin
041 _2hin
_ahin
082 _aO152,1H50:g, L9
100 _aसिंह, प्रमोद कुमार
245 0 _aविद्यापति पदावली के आकार स्त्रोत
246 _aVidyāpati padāvalī ke ākār strota
260 _aपटना
_b बिहार ग्रंथ कुटीर
_c1979
300 _a64 पृ.
_ccm.
650 _aहिन्दी साहित्य
_9156264
942 _hO152,1H50:g, L9
_cTEXL
_2CC
999 _c321994
_d321994